Statistiques concernant Culture Générale - Série 2016

Cliquez ici pour prendre le quiz!

Statistiques générales

  • Ce quiz a été pris 71 fois
  • Le résultat moyen est 4 sur 10

Statistiques - réponses

QuestionRéponse% Correct
C'est un batracien et un pianocrapaud
76%
Comment s'appelle un lutteur japonais de poids - voir photosumotori
74%
Par quel nom les gitans appelent-ils celui qui n'appartient pas à leur commnauté ?gadjo
59%
Etablissement ou un lieu aménagé pour permettre de s'exposer à la lumière solaire ou à des rayons ultraviolets, le plus souvent afin de bronzer de façon accélérée.solarium
57%
En droit américain,c'est un argument visant à réfuter l'acceptabilité d'un témoignage - 9 lettres commençant par " o "objection
49%
De quel état des Etats Unis Salem est-elle la capitale ?Oregon
41%
Quel fleuve arrose la ville portugaise de Porto ?Douro
32%
Quel verbe signifiait autrefois "fumer, priser du tabac" 7 lettres commençant par " p " ?pétuner
15%
Petite construction élevée sur le pont d'un navire. - 4 lettres commençant par " r "rouf
7%
Quel animal a une espèce appelée "rex" ?lapin
7%

Distribution des résultats

Percentile par nombre de réponses

% des personnes avec chaque résultat

Votre développement - résultats

Vous n’avez pas pris ce quiz